00877nam a22002537a 4500003000900000008004100009040007100050082002100121245005300142260004000195300002900235650003200264650003700296650002600333650002800359700003600387700003300423700003300456700002700489700002500516700002200541700001800563700004200581AR-CdUCM190311b ||||| |||| 00| 0 spa d aMUNICIPALIDAD PROVINCIAL DEL CUSCOcBIBLIOTECA MUNICIPAL DEL CUSCO a869.56018 / bP3 aPoesía proletaria del Perú : b(1930-1976) / aLima : b[Jurídica S.A.], c1976. a125 páginas ; c17 cm. aPoesía peruana - Siglo XX aPoetas peruanos contemporáneos aAntología poética aPoesía - Proletariado aMazzi T. Víctor ( Compilador) a Valle y Caviedes, Juan del  a Aguilar y Narvarte, Gabriel aCarrasco, Constantino  a Blanco, Gamaniel E. aVallejo, César  aNieto, Luis  aJiménez Rojas , Oswaldo ... y otros